<?xml version="1.0" encoding="UTF-8"?>
<record
    xmlns:xsi="http://www.w3.org/2001/XMLSchema-instance"
    xsi:schemaLocation="http://www.loc.gov/MARC21/slim http://www.loc.gov/standards/marcxml/schema/MARC21slim.xsd"
    xmlns="http://www.loc.gov/MARC21/slim">

  <leader>00885nam a2200253 a 4500</leader>
  <controlfield tag="008">110706s2011    ag il. f |||| 001 0 spa d</controlfield>
  <datafield tag="020" ind1=" " ind2=" ">
    <subfield code="a">9789500601283</subfield>
  </datafield>
  <datafield tag="041" ind1=" " ind2=" ">
    <subfield code="a">spa</subfield>
  </datafield>
  <datafield tag="092" ind1=" " ind2=" ">
    <subfield code="c">616.96</subfield>
    <subfield code="l">ASH</subfield>
    <subfield code="s">4</subfield>
  </datafield>
  <datafield tag="100" ind1="1" ind2=" ">
    <subfield code="a">Ash, Lawrence R.</subfield>
    <subfield code="9">125</subfield>
  </datafield>
  <datafield tag="245" ind1=" " ind2=" ">
    <subfield code="a">Atlas de parasitolog&#xED;a humana /</subfield>
    <subfield code="c">Lawrence R. Ash</subfield>
  </datafield>
  <datafield tag="250" ind1=" " ind2=" ">
    <subfield code="a">5a ed. 1a reimp.</subfield>
    <subfield code="b">Traducci&#xF3;n Sandra Elizabeth y Silvia Cwi</subfield>
  </datafield>
  <datafield tag="260" ind1=" " ind2=" ">
    <subfield code="a">Buenos Aires:</subfield>
    <subfield code="b">Editorial M&#xE9;dica Panamericana;</subfield>
    <subfield code="c">2011.</subfield>
  </datafield>
  <datafield tag="300" ind1=" " ind2=" ">
    <subfield code="a">556 p.</subfield>
    <subfield code="c">27x21 cm.</subfield>
  </datafield>
  <datafield tag="500" ind1=" " ind2=" ">
    <subfield code="a">Ash, L. R. y Orihel, T. C. (2011). Atlas de parasitolog&#xED;a humana. (5a ed.). Buenos Aires : Editorial M&#xE9;dica Panamericana.</subfield>
  </datafield>
  <datafield tag="590" ind1=" " ind2=" ">
    <subfield code="a">Compra FACIMED, Julio 2011</subfield>
  </datafield>
  <datafield tag="653" ind1=" " ind2=" ">
    <subfield code="a">Protozoos</subfield>
  </datafield>
  <datafield tag="653" ind1=" " ind2=" ">
    <subfield code="a">Helmintos</subfield>
  </datafield>
  <datafield tag="653" ind1=" " ind2=" ">
    <subfield code="a">Artr&#xF3;podos</subfield>
  </datafield>
  <datafield tag="653" ind1=" " ind2=" ">
    <subfield code="a">Seudopar&#xE1;sitos y artefactos</subfield>
  </datafield>
  <datafield tag="653" ind1=" " ind2=" ">
    <subfield code="a">Procedimientos diagn&#xF3;sticos</subfield>
  </datafield>
  <datafield tag="700" ind1="1" ind2=" ">
    <subfield code="a">Orihel, Thomas C.</subfield>
    <subfield code="9">126</subfield>
  </datafield>
  <datafield tag="942" ind1=" " ind2=" ">
    <subfield code="2">ddc</subfield>
    <subfield code="c">BK</subfield>
  </datafield>
  <datafield tag="999" ind1=" " ind2=" ">
    <subfield code="c">876</subfield>
    <subfield code="d">876</subfield>
  </datafield>
  <datafield tag="952" ind1=" " ind2=" ">
    <subfield code="0">0</subfield>
    <subfield code="1">0</subfield>
    <subfield code="2">ddc</subfield>
    <subfield code="4">0</subfield>
    <subfield code="7">0</subfield>
    <subfield code="8">REF</subfield>
    <subfield code="a">BFM</subfield>
    <subfield code="b">BFM</subfield>
    <subfield code="c">REF</subfield>
    <subfield code="d">2011-07-06</subfield>
    <subfield code="l">6</subfield>
    <subfield code="o">618.96 6 ASH</subfield>
    <subfield code="p">2400</subfield>
    <subfield code="r">2014-11-06</subfield>
    <subfield code="s">2013-07-05</subfield>
    <subfield code="t">ej.1</subfield>
    <subfield code="w">2011-07-06</subfield>
    <subfield code="y">REF</subfield>
    <subfield code="z">LIBRO DE CONSULTA. Sede Tordos.</subfield>
    <subfield code="f"></subfield>
  </datafield>
  <datafield tag="952" ind1=" " ind2=" ">
    <subfield code="0">0</subfield>
    <subfield code="1">0</subfield>
    <subfield code="2">ddc</subfield>
    <subfield code="4">0</subfield>
    <subfield code="7">0</subfield>
    <subfield code="a">BFM</subfield>
    <subfield code="b">BFM</subfield>
    <subfield code="c">CR</subfield>
    <subfield code="d">2011-07-06</subfield>
    <subfield code="l">25</subfield>
    <subfield code="m">3</subfield>
    <subfield code="o">616.96 6 ASH</subfield>
    <subfield code="p">2401</subfield>
    <subfield code="r">2016-02-22</subfield>
    <subfield code="s">2015-12-10</subfield>
    <subfield code="t">ej.2</subfield>
    <subfield code="w">2011-07-06</subfield>
    <subfield code="y">BK</subfield>
    <subfield code="z">Sede Tordos.</subfield>
    <subfield code="f"></subfield>
  </datafield>
  <datafield tag="952" ind1=" " ind2=" ">
    <subfield code="0">0</subfield>
    <subfield code="1">0</subfield>
    <subfield code="2">ddc</subfield>
    <subfield code="4">0</subfield>
    <subfield code="7">0</subfield>
    <subfield code="a">BFM</subfield>
    <subfield code="b">BFM</subfield>
    <subfield code="c">CR</subfield>
    <subfield code="d">2013-08-16</subfield>
    <subfield code="g">565.00</subfield>
    <subfield code="l">5</subfield>
    <subfield code="m">1</subfield>
    <subfield code="o">618.96 6 ASH</subfield>
    <subfield code="p">3126</subfield>
    <subfield code="r">2025-10-21</subfield>
    <subfield code="s">2025-10-14</subfield>
    <subfield code="t">Ej.3</subfield>
    <subfield code="w">2013-08-16</subfield>
    <subfield code="y">BK</subfield>
    <subfield code="z">COMPRA PROMED, 2DO A&#xD1;O. AGOSTO 2013. Sede Tordos.</subfield>
    <subfield code="f"></subfield>
  </datafield>
  <datafield tag="952" ind1=" " ind2=" ">
    <subfield code="0">0</subfield>
    <subfield code="1">0</subfield>
    <subfield code="2">ddc</subfield>
    <subfield code="4">0</subfield>
    <subfield code="7">0</subfield>
    <subfield code="a">BFM</subfield>
    <subfield code="b">BFM</subfield>
    <subfield code="c">CR</subfield>
    <subfield code="d">2013-08-16</subfield>
    <subfield code="g">565.00</subfield>
    <subfield code="l">11</subfield>
    <subfield code="o">618.96 6 ASH</subfield>
    <subfield code="p">3127</subfield>
    <subfield code="r">2023-11-22</subfield>
    <subfield code="s">2018-09-11</subfield>
    <subfield code="t">Ej.4</subfield>
    <subfield code="w">2013-08-16</subfield>
    <subfield code="y">BK</subfield>
    <subfield code="z">COMPRA PROMED, 2DO A&#xD1;O. AGOSTO 2013. Sede Tordos.</subfield>
    <subfield code="f"></subfield>
  </datafield>
  <datafield tag="952" ind1=" " ind2=" ">
    <subfield code="0">0</subfield>
    <subfield code="1">0</subfield>
    <subfield code="2">ddc</subfield>
    <subfield code="4">0</subfield>
    <subfield code="7">0</subfield>
    <subfield code="a">BFM</subfield>
    <subfield code="b">BFM</subfield>
    <subfield code="c">CR</subfield>
    <subfield code="d">2013-08-16</subfield>
    <subfield code="g">565.00</subfield>
    <subfield code="l">14</subfield>
    <subfield code="o">618.96 6 ASH</subfield>
    <subfield code="p">3128</subfield>
    <subfield code="r">2018-09-28</subfield>
    <subfield code="s">2018-09-26</subfield>
    <subfield code="t">Ej.5</subfield>
    <subfield code="w">2013-08-16</subfield>
    <subfield code="y">BK</subfield>
    <subfield code="z">COMPRA PROMED, 2DO A&#xD1;O. AGOSTO 2013. Sede Tordos.</subfield>
    <subfield code="f"></subfield>
  </datafield>
  <datafield tag="952" ind1=" " ind2=" ">
    <subfield code="0">0</subfield>
    <subfield code="1">0</subfield>
    <subfield code="2">ddc</subfield>
    <subfield code="4">0</subfield>
    <subfield code="7">0</subfield>
    <subfield code="a">BFM</subfield>
    <subfield code="b">BFM</subfield>
    <subfield code="c">CR</subfield>
    <subfield code="d">2013-08-16</subfield>
    <subfield code="g">565.00</subfield>
    <subfield code="l">8</subfield>
    <subfield code="o">618.96 6 ASH</subfield>
    <subfield code="p">3129</subfield>
    <subfield code="r">2018-10-03</subfield>
    <subfield code="s">2018-10-01</subfield>
    <subfield code="t">Ej.6</subfield>
    <subfield code="w">2013-08-16</subfield>
    <subfield code="y">BK</subfield>
    <subfield code="z">COMPRA PROMED, 2DO A&#xD1;O. AGOSTO 2013. Sede Tordos.</subfield>
    <subfield code="f"></subfield>
  </datafield>
</record>
